| 000 | 00388cam a2200157ua 4500 | ||
|---|---|---|---|
| 003 | OSt | ||
| 008 | 250101b |||||||| |||| 00| 0 eng d | ||
| 041 | _aeng | ||
| 082 |
_a621.3692 _bBAI/PR |
||
| 100 |
_aBailey, David . _96686 |
||
| 245 | _aPractical fiber optics / | ||
| 260 |
_aBurlington : _bNewness , _c2006. |
||
| 300 | _a300 ; . | ||
| 700 | 1 |
_aWright, Edwin . _96687 |
|
| 942 | _cBK | ||
| 999 |
_c13304 _d13304 |
||